Normal view
MARC view
- Distrito Federal (México)
Entry Nombre Geográfico
001 - NÚMERO DE CONTROL
- campo de control: 16054
003 - IDENTIFICADOR DE NUMERO DE CONTROL
- campo de control: MX-MxUPN
005 - FECHA Y HORA DE LA ÜLTIMA TRANSACCIÓN
- campo de control: 20230609141353.0
008 - DATOS DE LONGITUD FIJA
- campo de control de longitud fija: 230609nn fnznnbaba a ana |d
035 ## - NÚMERO DE CONTROL
- Número de control: UPN10000016062
040 ## - FUENTE DE CATALOGACIÓN
- Lenguaje de catalogación: spa
- Agencia de catalogación original: MX-MxUPN
151 ## - ENCABEZAMIENTO - NOMBRE GEOGRÁFICO
- Nombre geográfico: Distrito Federal (México)
- Subdivisión general : Condiciones económicas
451 ## - VER DESDE EL RASTREO--NOMBRE GEOGRÁFICO
- Geographic name: México (D.F.)
- General subdivision: Condiciones económicas
- Control subfield: nno
670 ## - FUENTE EN LA QUE SE LOCALIZARON DATOS
- Cita de la fuente: Escamilla González, G. Lista de encabezamientos de materia, 1978:
- Información localizada: página 566 (México (D.F.) -- Condiciones económicas)
670 ## - FUENTE EN LA QUE SE LOCALIZARON DATOS
- Cita de la fuente: Autoridades BGTQ, 09 junio 2023 :
- Información localizada: (Distrito Federal (México))
902 ## - CATALOGADOR
- Catalogador: MCM/110299
- Catalogador: VíctorGodínez/090623
